| Поле | Название | Значение |
| |
Тип записи |
a |
| |
Библиографический уровень |
m |
| 001 |
Контрольный номер |
RU/SLIB/B/208737942 |
| 005 |
Дата корректировки |
20201206204045.5 |
| 010 |
Индекс ISBN |
__ |
| a |
ISBN |
5-04-006780-1 |
| d |
Цена |
135-60 |
| 101 |
Язык документа |
0_ |
| a |
Язык текста |
rus |
| c |
Язык оригинала |
rus |
| 200 |
Заглавие и сведения об ответственности |
1_ |
| a |
Заглавие |
Овощные культуры |
| e |
Сведения, относящиеся к заглавию |
полн. сортовой каталог России |
| f |
Первые сведения об ответственности |
Е. В. Мамонов |
| b |
Общее обозначение материала |
Текст |
| 205 |
Сведения об издании |
__ |
| a |
Основные сведения об издании |
1-е изд. |
| 210 |
Выходные данные |
__ |
| a |
Место издания |
М. |
| c |
Издательство |
ЭКСМО-Пресс |
| c |
Издательство |
Лик пресс |
| d |
Дата издания |
2001 |
| 215 |
Физическое описание |
__ |
| a |
Объем |
496 с. |
| c |
Иллюстрации/тип воспроизводства |
ил. |
| 225 |
Серия |
__ |
| a |
Серия |
Золотые советы Тимирязевской академии |
| 330 |
Аннотация |
__ |
| a |
Аннотация |
Каталог знакомит читателя с лучшими сортами и гибридами овощных культур, картофеля и грибов. |
| 606 |
Тематические рубрики |
__ |
| a |
Основная рубрика |
Сельское хозяйство |
| 606 |
Тематические рубрики |
__ |
| a |
Основная рубрика |
Садоводство в целом |
| 606 |
Тематические рубрики |
__ |
| a |
Основная рубрика |
Овощеводство |
| 610 |
Ключевые слова |
__ |
| a |
Ключевые слова |
овощи; капуста; тыква; лук (растение); брюква; редис; редька; салат (растение); томаты; перцы; баклажаны; чеснок; горох; бобы; кукуруза; картофель; грибы; клубнеплодные; спаржевые; яснотковые; бурачниковые; гречишные; астровые; бобовые; маревые; мятликовые; сельдерейные; пасленовые; тыквенные; капустные; арбузы; огурцы; дыни; кабачки; морковь; петрушка; укроп; фенхель; тмин; кориандр; шпинат; майоран; спаржа; шампиньоны; вешенки; урожайность; растениеводство; овощеводство |
| 686 |
Индексы других классификаций |
__ |
| a |
Классификационный индекс |
42.34я2 ; ст42.3я2 |
| 700 |
Автор |
_1 |
| a |
Фамилия |
Мамонов |
| b |
Имя |
Е. В. |
| 4 |
Код отношения |
070 |
| 801 |
Источник записи |
_0 |
| a |
Страна |
RU |
| b |
Организация |
Муниципальное бюджетное учреждение культуры "Централизованная библиотечная система" г. Сургут (Центральная городская библиотека им. А. С. Пушкина) |
| g |
Правила каталогизации |
КиК/Поспелова |
| 801 |
Источник записи |
_1 |
| a |
Страна |
RU |
| b |
Организация |
Муниципальное бюджетное учреждение культуры "Централизованная библиотечная система" г. Сургут (Центральная городская библиотека им. А. С. Пушкина) |
| g |
Правила каталогизации |
КиК/Поспелова |
| 852 |
Данные о местонахождении |
__ |
| j |
Шифр хранения |
42.34я2 |
| c |
Каталожный индекс |
42.3я2 |
| i |
Авторский знак |
М 22 |
| p |
Инвентарный номер |
03050261; 03050262; 03050263 |
| 901 |
Тип документа |
__ |
| t |
Тип документа |
m |
| 903 |
Характеристики (МАРС) |
__ |
| a |
Дата передачи |
20030428 |
| 969 |
Тип издания |
__ |
| a |
Тип издания |
каталог |
| 990 |
Данные о заказе (DOS) |
__ |
| j |
Количество экземпляров (DOS) |
3 |
| t |
N записи в КСУ для И/У (DOS) |
200305 |